Encyklopedie zbraní : přes 1000 vojenských, sportovních a historických zbraní z celého světa /

Další autoři: Miller, David, 1938-
Jazyk: Čeština
Vydáno: Praha : Naše vojsko, 2007
Vydání: Vyd. 1.
Témata:
Fyzický popis: 304 s. : il. (převážně barev.) ; 34 cm
Knihy
Uloženo v:
LEADER 01348nam a2200385 a 4500
001 nkc20071783677
003 CZ PrNK
005 20080704133101.0
007 ta
008 080304s2007 xr a e e 001 0 cze
015 |a cnb001783677 
020 |a 978-80-206-0909-0  |q (váz.) 
035 |a (OCoLC)228669325 
040 |a ABA001  |b cze 
041 1 |a cze  |h eng 
072 7 |a 623  |x Vojenská technika  |2 Konspekt  |9 19 
080 |a 623.44  |2 MRF 
080 |a (031)  |2 MRF 
245 0 0 |a Encyklopedie zbraní :  |b přes 1000 vojenských, sportovních a historických zbraní z celého světa /  |c [redigoval David Miller ; z anglického originálu ... přeložil Zdeněk Hurník] 
250 |a Vyd. 1. 
260 |a Praha :  |b Naše vojsko,  |c 2007 
300 |a 304 s. :  |b il. (převážně barev.) ;  |c 34 cm 
500 |a Terminologický slovník 
500 |a Obsahuje rejstřík 
650 0 7 |a ruční palné zbraně  |7 ph116089  |2 czenas 
650 0 9 |a hand firearms  |2 eczenas 
655 7 |a encyklopedie  |7 fd132201  |2 czenas 
655 9 |a encyclopedias  |2 eczenas 
700 1 |a Miller, David,  |d 1938-  |7 xx0018849  |4 edt 
765 0 |t Illustrated book of guns  |9 Česky 
910 2 |a BOA001  |b 4-1204.202 
990 |a BK 
995 |a 01 
991 |b 200806  |c NOV 
996 6 |b 2610343465  |c 4-1204.202  |l MZK  |r Sklad / do 1 hodiny  |n 0  |p p.v.  |w 000895959  |u 000010  |a 1  |e BOA001  |j MZK50  |s P